Statistics for Songs by Picture Quiz #2

Click here to take the quiz!

General Stats

  • This quiz has been taken 13,169 times
    (13,145 since last reset)
  • The average score is 11 of 18

Answer Stats

Answer % Correct
Africa
97%
Wrecking Ball
94%
Stairway to Heaven
90%
Piano Man
88%
White Rabbit
74%
Billie Jean
71%
Havana
67%
Crocodile Rock
61%
Walk Like an Egyptian
61%
Roundabout
58%
White Wedding
58%
Pinball Wizard
54%
Georgia On My Mind
46%
Don't Fear the Reaper
44%
Every Rose Has Its Thorn
43%
Tusk
41%
Big Yellow Taxi
37%
Like a Rolling Stone
31%

Score Distribution

Percentile by Number Answered

Percent of People with Each Score

Your Score History

You have not taken this quiz since the last reset